The Japanese islands : A physical and social geography

1. One hundred million people on twenty million acres ; 2. An inhospitable environment;...

Bewaard in:
Bibliografische gegevens
Hoofdauteur: Pezeu-Massabuau, Jacques
Formaat: Boek
Taal:Undetermined
Gepubliceerd in: Rutland, Vt. C. E. Tuttle Co. 1978
Onderwerpen:
Tags: Voeg label toe
Geen labels, Wees de eerste die dit record labelt!
Thư viện lưu trữ: Trung tâm Học liệu Trường Đại học Cần Thơ
LEADER 00809nam a2200229Ia 4500
001 CTU_226401
008 210402s9999 xx 000 0 und d
082 |a 309.15204 
082 |b P521 
100 |a Pezeu-Massabuau, Jacques 
245 4 |a The Japanese islands : 
245 2 |b A physical and social geography 
245 0 |c Jacques Pezeu-Massabuau ; translated and adapted from the French by Paul C. Blum. 
260 |a Rutland, Vt. 
260 |b C. E. Tuttle Co. 
260 |c 1978 
520 |a 1. One hundred million people on twenty million acres ; 2. An inhospitable environment;... 
650 |a Japan,Nhật Bản 
650 |x Social conditions,Điều kiện xã hội 
650 |y 1945-1989,1945-1989 
910 |b nthai 
980 |a Trung tâm Học liệu Trường Đại học Cần Thơ